Oorlogstijd herinneringen en indrukken, (Record no. 89700)

MARC details
000 -LEADER
fixed length control field 00635cam a22002051 4500
001 - CONTROL NUMBER
control field sd 19000027
003 - CONTROL NUMBER IDENTIFIER
control field DLC
005 - DATE AND TIME OF LATEST TRANSACTION
control field 20260227112730.0
008 - FIXED-LENGTH DATA ELEMENTS--GENERAL INFORMATION
fixed length control field 070910s1917 ne 000 0 dut
010 ## - LIBRARY OF CONGRESS CONTROL NUMBER
LC control number sd 19000027
040 ## - CATALOGING SOURCE
Original cataloging agency DLC
Transcribing agency DLC
Modifying agency DLC
043 ## - GEOGRAPHIC AREA CODE
Geographic area code e-ne---
050 00 - LIBRARY OF CONGRESS CALL NUMBER
Classification number D621.N4
Item number T7 1917
100 1# - MAIN ENTRY--PERSONAL NAME
Personal name Treub, M. W. F.
Fuller form of name (Marie Willem Frederik),
Dates associated with a name 1858-1931.
245 10 - TITLE STATEMENT
Title Oorlogstijd herinneringen en indrukken,
Statement of responsibility, etc. van Mr. W. F. Treub.
250 ## - EDITION STATEMENT
Edition statement 2. druk
260 ## - PUBLICATION, DISTRIBUTION, ETC.
Place of publication, distribution, etc. Amsterdam,
Name of publisher, distributor, etc. Scheltema & Holkema's boekhandel;
Date of publication, distribution, etc. [etc., etc.] 1917.
300 ## - PHYSICAL DESCRIPTION
Extent xii, 402 p.
Dimensions 24 cm.
650 #0 - SUBJECT ADDED ENTRY--TOPICAL TERM
Topical term or geographic name entry element World War, 1914-1918
Geographic subdivision Netherlands.

No items available.

Powered by Koha